Paroles Je Marche Seul - Jean Jacques Goldman - Statistiques

Statistiques générales
  • Ce quiz a été pris 1 330 fois
  • Le résultat moyen est 136 sur 179
Statistiques - réponses
Réponse % Correct
je
100%
ma
100%
se
100%
marche
99%
seul
99%
le
95%
la
94%
les
94%
dans
93%
qui
93%
me
92%
à
91%
et
91%
de
87%
sans
86%
rues
85%
en
83%
pas
82%
personne
82%
nuit
81%
un
81%
ce
80%
mes
79%
tout
79%
pardonne
77%
ces
76%
ne
76%
donnent
75%
mais
75%
une
75%
que
74%
ça
73%
heures
73%
suis
72%
ville
72%
oubliant
71%
résonnent
71%
fous
70%
des
69%
ses
69%
vie
69%
j'men
68%
chaînes
66%
pendent
66%
s'achète
66%
témoin
66%
Comme
65%
j'oublie
65%
riche
64%
parenthèse
63%
quand
63%
sont
63%
sursis
62%
voyeur
62%
acteur
60%
j'menfuis
60%
m'offre
60%
bateau
59%
but
59%
dérive
58%
nos
58%
privilèges
58%
cous
57%
anonyme
56%
pièges
54%
mobile
51%
fait
49%
assassines
45%
siennes
45%
m'abandonne
44%
dire
43%
rencontrer
43%
séduire
42%
juste
41%
s'obstine
39%
yeux
39%
pour
36%
trainent
35%
déraisonne
30%
d'ailleurs
28%
l'envie
28%
promettre
25%
noyer
19%
oh
19%
Aucun quiz correspondant
Distribution des résultats
% des personnes avec chaque résultat
Percentile par nombre de réponses
Votre historique - résultats
Vous n’avez pas pris ce quiz